000
00205 a2200097 4500
020
_a
9780794541880
041
_a
eng
100
_a
Punter, Rusell
245
_a
The old woman who lived in a shoe
942
_c
BK
999
_c
31640
_d
31638